| 000 | 01112cam a2200349 i 4500 | ||
|---|---|---|---|
| 001 | 0000479 | ||
| 003 | DO-SdBNP | ||
| 005 | 20240712115335.0 | ||
| 007 | 0000479 | ||
| 008 | 100514s2005 cl | |||| 000 ffspa | ||
| 015 | _a | ||
| 017 |
_a _b |
||
| 020 | _a9580485259 | ||
| 035 | _a | ||
| 040 |
_aBPMSU _bspa _cBPMSU _e |
||
| 080 | _a | ||
| 082 | 4 |
_a813.54 _bO11v, 2005 |
|
| 100 | 1 |
_aOates, Joyce Carol, _d1938- _941 |
|
| 245 | 1 | 3 |
_aLa vida después del colegio y otros cuentos / _cJoyce Carol Oates ; traducción de Juan Manuel Pombo Abondano. |
| 250 | _a2a. ed. | ||
| 260 |
_aBogotá : _bGrupo Editorial Norma, _c2005 |
||
| 300 |
_a231 p .; _c23 cm |
||
| 490 | 0 |
_aZona libre _v |
|
| 500 | _aIncluye datos biográficos de la autora en la solapa de la cubierta | ||
| 590 | _aInventariado, 2024/VM | ||
| 650 | 4 | _aCuentos juveniles estadounidenses | |
| 650 | 4 |
_aAdolescencia _xCuentos juveniles. _v |
|
| 650 | 4 |
_aHumor negro (Literatura) _vCuentos juveniles. _x |
|
| 700 | 1 |
_aPombo Abondano, Joyce Carol _etraductor |
|
| 910 | _aVMateo V. Control de calidad. BPMSU | ||
| 942 |
_2ddc _cBK |
||
| 999 |
_c14731 _d14731 |
||